[Event "Mittelfrank Regionalliga Nord-West 2122"]
[Site "Mittelfranken"]
[Date "2022.05.08"]
[Round "8.7"]
[White "Reissner, Andreas"]
[Black "Reitz, Helmut"]
[Result "1-0"]
[WhiteElo "1985"]
[BlackElo "1719"]
[PlyCount "49"]
[EventDate "2021.10.24"]
[EventType "team-tourn"]
[EventRounds "9"]
[EventCountry "GER"]
[SourceTitle "EXT 2024"]
[Source "ChessBase"]
[SourceDate "2023.10.10"]
[SourceVersion "1"]
[SourceVersionDate "2023.10.10"]
[SourceQuality "1"]
[WhiteTeam "Marktleuthen"]
[BlackTeam "Wuerzburg II"]
[WhiteTeamCountry "GER"]
[BlackTeamCountry "GER"]

1. e4 e5 2. Bc4 Nf6 3. d4 Nc6 4. Nf3 Bd6 5. Bg5 exd4 6. Nxd4 Qe7 7. Nxc6 dxc6 8. Nd2 h6 9. Bh4 g5 10. Bg3 Bg4 11. f3 Bh5 12. Qe2 Be5 13. 0-0-0 0-0-0 14. Nb3 Nd7 15. Bf2 Nb6 16. Nc5 Qf6 17. Ba6 Bxb2+ 18. Kb1 Ba3 19. e5 Qf4 20. Bxb7+ Kb8 21. Nd3 Rxd3 22. Rxd3 Nc4 23. Be3 Bb4 24. Rd4 Nd2+ 25. Kb2 1-0

[Event "Bremen Silvester op"]
[Site "Bremen"]
[Date "2021.12.27"]
[Round "1"]
[White "Ewert, Hannes"]
[Black "Reitz, Helmut"]
[Result "1-0"]
[WhiteElo "2274"]
[BlackElo "1682"]
[PlyCount "68"]
[EventDate "2021.12.21"]
[EventType "swiss"]
[EventRounds "7"]
[EventCountry "GER"]
[SourceTitle "CBM 205 Extra"]
[Source "ChessBase"]
[SourceDate "2022.01.31"]
[SourceVersion "1"]
[SourceVersionDate "2022.01.31"]
[SourceQuality "1"]

1. d4 Nf6 2. Nf3 d5 3. c4 c6 4. Nc3 e6 5. Bg5 dxc4 6. e4 b5 7. e5 h6 8. Bh4 g5 9. Nxg5 hxg5 10. Bxg5 Nbd7 11. exf6 Bb7 12. a4 b4 13. Ne4 c5 14. Qg4 Bd5 15. dxc5 Qa5 16. Nd6+ Bxd6 17. cxd6 Rc8 18. Be2 c3 19. bxc3 bxc3 20. 0-0 Rg8 21. h4 a6 22. Rac1 Nxf6 23. Qd4 Nd7 24. g3 Qc5 25. Qxc5 Nxc5 26. Rxc3 Kd7 27. Rfc1 Ne4 28. Rxc8 Rxc8 29. Rxc8 Kxc8 30. Bxa6+ Kd7 31. Be7 Bc6 32. Bb5 Nc5 33. Bxc6+ Kxc6 34. h5 Kd5 1-0

[Event "Landesliga Nord 1718"]
[Site "Bayern"]
[Date "2018.04.15"]
[Round "9.8"]
[White "Reitz, Helmut"]
[Black "Bunk, Wolfgang"]
[Result "1-0"]
[WhiteElo "1786"]
[BlackElo "2013"]
[PlyCount "93"]
[EventDate "2017.10.22"]
[EventType "team-tourn"]
[EventRounds "9"]
[EventCountry "GER"]
[SourceTitle "EXT 2022"]
[Source "ChessBase"]
[SourceDate "2021.10.06"]
[SourceVersion "1"]
[SourceVersionDate "2021.10.06"]
[SourceQuality "1"]
[WhiteTeam "Wuerzburg"]
[BlackTeam "Regensburg Bavaria"]
[WhiteTeamCountry "GER"]
[BlackTeamCountry "GER"]

1. d4 Nf6 2. Nf3 e6 3. e3 b6 4. Bd3 Be7 5. Nbd2 d5 6. 0-0 c5 7. b3 0-0 8. Bb2 Bb7 9. Re1 Ne4 10. c3 Nd7 11. Qc2 f5 12. Ne5 Rc8 13. Nxd7 Qxd7 14. Nf3 Bf6 15. Rac1 g5 16. Ne5 Qg7 17. f4 Rc7 18. Bxe4 fxe4 19. Qe2 Rfc8 20. Qg4 Re8 21. Qh5 Rec8 22. Ng4 gxf4 23. Nxf6+ Qxf6 24. Rf1 Qg6 25. Qxg6+ hxg6 26. Rxf4 cxd4 27. exd4 Rf7 28. Rxf7 Kxf7 29. Kf2 Ba6 30. Ke3 Rh8 31. h3 Rh5 32. c4 dxc4 33. bxc4 Rg5 34. Rc2 Ra5 35. a3 Bb7 36. c5 bxc5 37. dxc5 Bc6 38. Kd4 Rb5 39. Ke5 Ke7 40. Bc1 Rb3 41. Rf2 Bd5 42. Bg5+ Kd7 43. Kd4 Rd3+ 44. Ke5 Rxa3 45. Kf6 Kc6 46. Kxg6 Kxc5 47. Be7+ 1-0

[Event "Regionalliga NW 1617"]
[Site "Bayern"]
[Date "2017.01.15"]
[Round "4.8"]
[White "Reitz, Helmut"]
[Black "Treibel, Michael"]
[Result "1-0"]
[WhiteElo "1813"]
[BlackElo "1766"]
[PlyCount "73"]
[EventDate "2016.10.16"]
[EventType "team-tourn"]
[EventRounds "9"]
[EventCountry "GER"]
[SourceTitle "EXT 2019"]
[Source "ChessBase"]
[SourceDate "2018.10.10"]
[SourceVersion "1"]
[SourceVersionDate "2018.10.10"]
[SourceQuality "1"]
[WhiteTeam "Wuerzburg"]
[BlackTeam "Bad Neustadt"]
[WhiteTeamCountry "GER"]
[BlackTeamCountry "GER"]

1. d4 Nf6 2. c4 c6 3. Nc3 d5 4. Nf3 g6 5. Bf4 Bg7 6. e3 0-0 7. Rc1 Qa5 8. Qb3 Nbd7 9. Bd3 e6 10. 0-0 Re8 11. e4 dxc4 12. Bxc4 Nb6 13. Bc7 Re7 14. Bd6 Rd7 15. Bb4 Qh5 16. Be2 Rd8 17. Be7 Re8 18. Bd6 g5 19. Qc2 Nfd7 20. e5 g4 21. Nd2 Qh4 22. f4 f5 23. exf6 Nxf6 24. Be5 Nbd5 25. Nc4 Bf8 26. Ne4 Nxe4 27. Qxe4 Re7 28. g3 Qh5 29. Nd6 Rd7 30. Nxc8 Rxc8 31. f5 exf5 32. Rxf5 Qg6 33. Bxg4 Bh6 34. Bh5 Qe6 35. Qg4+ Rg7 36. Rf8+ Kxf8 37. Qxe6 1-0

[Event "Regionalliga NW 1314"]
[Site "Bayern"]
[Date "2014.03.16"]
[Round "8.7"]
[White "Reitz, Helmut"]
[Black "Von Golitschek, Manfred"]
[Result "1-0"]
[WhiteElo "1806"]
[BlackElo "1797"]
[PlyCount "49"]
[EventDate "2013.10.13"]
[EventType "team-tourn"]
[EventRounds "9"]
[EventCountry "GER"]
[SourceTitle "EXT 2015"]
[Source "ChessBase"]
[SourceDate "2014.11.20"]
[SourceVersion "1"]
[SourceVersionDate "2014.11.20"]
[SourceQuality "1"]
[WhiteTeam "Wuerzburg II"]
[BlackTeam "Prichsenstadt"]
[WhiteTeamCountry "GER"]
[BlackTeamCountry "GER"]

1. d4 Nf6 2. Nf3 d5 3. e3 c6 4. Bd3 e6 5. Nbd2 Bd6 6. 0-0 Nbd7 7. c3 0-0 8. e4 dxe4 9. Nxe4 Nxe4 10. Bxe4 f5 11. Bc2 h6 12. Re1 Nf6 13. Qd3 Nd5 14. Ne5 Qf6 15. a3 Kh8 16. c4 Ne7 17. Bf4 Bxe5 18. Bxe5 Qf7 19. Re2 Rd8 20. Rae1 c5 21. Qe3 cxd4 22. Bxd4 Nc6 23. Bc3 Re8 24. Qg3 Kg8 25. Bxf5 1-0

[Event "Regionalliga NW 1213"]
[Site "Bayern"]
[Date "2013.03.17"]
[Round "8.8"]
[White "Reitz, Helmut"]
[Black "Schneider, Jana"]
[Result "1-0"]
[WhiteElo "1791"]
[BlackElo "1824"]
[PlyCount "63"]
[EventDate "2012.10.14"]
[EventType "team-tourn"]
[EventRounds "9"]
[EventCountry "GER"]
[SourceTitle "EXT 2015"]
[Source "ChessBase"]
[SourceDate "2014.11.20"]
[SourceVersion "1"]
[SourceVersionDate "2014.11.20"]
[SourceQuality "1"]
[WhiteTeam "Wuerzburg II"]
[BlackTeam "Stetten"]
[WhiteTeamCountry "GER"]
[BlackTeamCountry "GER"]

1. d4 d5 2. Nf3 Nf6 3. c4 e6 4. Nc3 Be7 5. Bf4 c6 6. e3 0-0 7. Rc1 b6 8. cxd5 Nxd5 9. Nxd5 Qxd5 10. Bc4 Qd8 11. 0-0 Bb7 12. Qe2 Bd6 13. Bg5 Be7 14. Bf4 Bd6 15. Ne5 Qe7 16. Qg4 Kh8 17. Qh5 Kg8 18. Bd3 g6 19. Qh6 Bxe5 20. dxe5 f6 21. exf6 Qxf6 22. Rfd1 c5 23. Bc4 Qf5 24. Rd6 Bd5 25. Bxd5 exd5 26. Rd1 d4 27. Qh4 Na6 28. Bh6 Qc2 29. Rf1 Rfc8 30. Qe7 Rc7 31. Rd7 Rxd7 32. Qxd7 1-0

[Event "Unterfranken-ch M2 62th"]
[Site "Gerolzhofen"]
[Date "2011.04.27"]
[Round "4"]
[White "Markert, Markus"]
[Black "Reitz, Helmut"]
[Result "1-0"]
[WhiteElo "1872"]
[BlackElo "1850"]
[PlyCount "71"]
[EventDate "2011.04.25"]
[EventType "swiss"]
[EventRounds "9"]
[EventCountry "GER"]
[SourceTitle "EXT 2015"]
[Source "ChessBase"]
[SourceDate "2014.11.20"]
[SourceVersion "1"]
[SourceVersionDate "2014.11.20"]
[SourceQuality "1"]

1. e4 d5 2. exd5 Qxd5 3. d4 e5 4. dxe5 Qxe5+ 5. Qe2 Nc6 6. Nf3 Qxe2+ 7. Bxe2 Bf5 8. c3 Bd6 9. Nbd2 Ne5 10. Nxe5 Bxe5 11. Nc4 Bf6 12. 0-0 Ne7 13. Re1 0-0-0 14. g4 Be6 15. g5 Rhg8 16. f4 Nf5 17. gxf6 gxf6+ 18. Kf2 Nh4 19. Ne3 Bh3 20. Bf1 Bd7 21. Nd5 Rg7 22. c4 Be6 23. Nxf6 Bxc4 24. Bxc4 Rg2+ 25. Kf1 Rxh2 26. Be3 Nf3 27. Red1 Rxd1+ 28. Rxd1 Rxb2 29. Ng4 h5 30. Nf2 Nh2+ 31. Kg1 Nf3+ 32. Kg2 Nh4+ 33. Kh3 Nf5 34. Bxf7 Nd6 35. Be6+ Kd8 36. f5 1-0

[Event "Regionalliga NW 0910"]
[Site "Bayern"]
[Date "2010.01.24"]
[Round "5.8"]
[White "Thomele, Michael"]
[Black "Reitz, Helmut"]
[Result "0-1"]
[WhiteElo "1830"]
[BlackElo "1877"]
[PlyCount "42"]
[EventDate "2009.10.18"]
[EventType "team-tourn"]
[EventRounds "9"]
[EventCountry "GER"]
[SourceTitle "EXT 2011"]
[Source "ChessBase"]
[SourceDate "2010.11.26"]
[SourceVersion "1"]
[SourceVersionDate "2010.11.26"]
[SourceQuality "1"]
[WhiteTeam "Obernau"]
[BlackTeam "Wuerzburg II"]
[WhiteTeamCountry "GER"]
[BlackTeamCountry "GER"]

1. d4 Nf6 2. Nc3 d5 3. Bg5 Nbd7 4. f3 h6 5. Bh4 e6 6. e4 dxe4 7. fxe4 Be7 8. Nf3 c6 9. Bd3 Nxe4 10. Nxe4 Bxh4+ 11. g3 Be7 12. Qe2 Nf6 13. 0-0-0 Qa5 14. Kb1 Bd7 15. Ne5 Rf8 16. Rhf1 0-0-0 17. Nc4 Qc7 18. Ned2 Nd5 19. Ne5 Bf6 20. Ndf3 Qb6 21. c4 Nc3+ 0-1

[Event "Unterfranken-ch M2 60th"]
[Site "Obernau"]
[Date "2009.04.17"]
[Round "8"]
[White "Markert, Markus"]
[Black "Reitz, Helmut"]
[Result "1-0"]
[WhiteElo "1855"]
[BlackElo "1861"]
[PlyCount "83"]
[EventDate "2009.04.13"]
[EventType "swiss"]
[EventRounds "9"]
[EventCountry "GER"]
[SourceTitle "EXT 2015"]
[Source "ChessBase"]
[SourceDate "2014.11.20"]
[SourceVersion "1"]
[SourceVersionDate "2014.11.20"]
[SourceQuality "1"]

1. e4 d5 2. exd5 Qxd5 3. Nf3 Nf6 4. d4 Bg4 5. Be2 e6 6. c3 Nbd7 7. Nbd2 c5 8. 0-0 cxd4 9. Nxd4 Bxe2 10. Qxe2 a6 11. N2f3 Be7 12. Rd1 Qh5 13. Re1 Nc5 14. b4 Nce4 15. Qc2 Nd6 16. c4 Rc8 17. Qa4+ Kf8 18. c5 Nf5 19. Bb2 Nxd4 20. Bxd4 Qd5 21. Rad1 Qc6 22. Qb3 Nd5 23. Be5 Bf6 24. Bd6+ Kg8 25. a4 b5 26. a5 h5 27. Be5 Rh6 28. Nd4 Qa8 29. Nf5 Rg6 30. Bxf6 Rxg2+ 31. Kf1 Nf4 32. Ne7+ Kh8 33. c6 gxf6 34. Qf3 e5 35. Re4 Rcg8 36. Rxf4 Rg1+ 37. Ke2 R8g5 38. Rxg1 exf4 39. Rxg5 fxg5 40. Qxh5+ Kg7 41. Qxg5+ Kf8 42. Qg8+ 1-0

[Event "Unterfranken-ch M2 60th"]
[Site "Obernau"]
[Date "2009.04.15"]
[Round "5"]
[White "Mueller, Roland1111"]
[Black "Reitz, Helmut"]
[Result "1-0"]
[WhiteElo "1929"]
[BlackElo "1861"]
[PlyCount "90"]
[EventDate "2009.04.13"]
[EventType "swiss"]
[EventRounds "9"]
[EventCountry "GER"]
[SourceTitle "EXT 2015"]
[Source "ChessBase"]
[SourceDate "2014.11.20"]
[SourceVersion "1"]
[SourceVersionDate "2014.11.20"]
[SourceQuality "1"]

1. d4 Nf6 2. Bf4 d5 3. e3 Bf5 4. Be2 e6 5. Nf3 Nbd7 6. Nbd2 Be7 7. Ne5 Nxe5 8. Bxe5 0-0 9. 0-0 Rc8 10. Nb3 Nd7 11. Bg3 c5 12. dxc5 Nxc5 13. Nxc5 Rxc5 14. Bd3 Bg6 15. Bxg6 hxg6 16. Qd2 Bf6 17. c3 Qb6 18. Rac1 Rfc8 19. f3 Qd8 20. Bf2 Rc4 21. Rfe1 Bg5 22. Rcd1 b5 23. Qd3 b4 24. cxb4 Rxb4 25. b3 Qa5 26. Qd2 Bf6 27. Rc1 Rxc1 28. Rxc1 Qb5 29. Be1 a5 30. Qf2 d4 31. Bxb4 dxe3 32. Qxe3 Qxb4 33. Rc4 Qd6 34. Qe2 Qb6+ 35. Kh1 Qd6 36. g3 g5 37. Qc2 g6 38. Ra4 Qd5 39. Kg2 g4 40. Rxg4 Qd6 41. Rc4 Qb6 42. Qd2 Kg7 43. Ra4 Qc6 44. Rxa5 Bc3 45. Qc2 Qb6 1-0

[Event "Unterfranken-ch M2 59th"]
[Site "Rieneck"]
[Date "2008.03.28"]
[Round "8"]
[White "Schneider, Johannes"]
[Black "Reitz, Helmut"]
[Result "0-1"]
[WhiteElo "1686"]
[BlackElo "1832"]
[PlyCount "74"]
[EventDate "2008.03.24"]
[EventType "swiss"]
[EventRounds "9"]
[EventCountry "GER"]
[SourceTitle "EXT 2015"]
[Source "ChessBase"]
[SourceDate "2014.11.20"]
[SourceVersion "1"]
[SourceVersionDate "2014.11.20"]
[SourceQuality "1"]

1. d4 Nf6 2. c4 e5 3. dxe5 Ng4 4. Nf3 Bc5 5. e3 Nc6 6. Qd5 Qe7 7. Be2 0-0 8. a3 a5 9. b3 Ngxe5 10. Nxe5 Nxe5 11. Bb2 d6 12. Nd2 c6 13. Qe4 f5 14. Qc2 Bd7 15. 0-0 f4 16. e4 Rf6 17. Nf3 Rh6 18. Rad1 Nxf3+ 19. Bxf3 Qh4 20. Rfe1 Qxh2+ 21. Kf1 Rg6 22. Ke2 Bg4 23. Kd3 Bxf3 24. gxf3 Qxf2 25. Qxf2 Bxf2 26. Re2 Be3 27. Bc1 Bxc1 28. Rxc1 Rg3 29. Rf1 Re8 30. Kd4 Re5 31. b4 Rh5 32. Rb2 a4 33. b5 c5+ 34. Kd3 Rhh3 35. Ke2 Rg2+ 36. Rf2 Rxf2+ 37. Kxf2 Rh2+ 0-1

[Event "Regionalliga NW 0708"]
[Site "Bayern"]
[Date "2007.11.25"]
[Round "3.8"]
[White "Dittmann, Rainer"]
[Black "Reitz, Helmut"]
[Result "0-1"]
[WhiteElo "1940"]
[BlackElo "1845"]
[PlyCount "114"]
[EventDate "2007.10.21"]
[EventType "team-tourn"]
[EventRounds "9"]
[EventCountry "GER"]
[SourceTitle "EXT 2009"]
[Source "ChessBase"]
[SourceDate "2008.11.26"]
[SourceVersion "1"]
[SourceVersionDate "2008.11.26"]
[SourceQuality "1"]
[WhiteTeam "Schweinfurt"]
[BlackTeam "Wuerzburg II"]
[WhiteTeamCountry "GER"]
[BlackTeamCountry "GER"]

1. d4 d5 2. Nf3 Nf6 3. Bg5 e6 4. e3 Nbd7 5. Bd3 c5 6. c3 Be7 7. Qa4 c4 8. Be2 0-0 9. Nbd2 a6 10. Qc2 b5 11. 0-0 Bb7 12. a4 Qc7 13. Bf4 Bd6 14. Bxd6 Qxd6 15. Rfb1 Bc6 16. axb5 axb5 17. b4 Ne4 18. Nxe4 dxe4 19. Nd2 f5 20. f4 Nb6 21. Kf2 Nd5 22. g3 h6 23. Qb2 Nf6 24. Rxa8 Rxa8 25. Ra1 Rxa1 26. Qxa1 Be8 27. Qa5 Qc6 28. Nf1 Bh5 29. Bxh5 Nxh5 30. Ke2 Qe8 31. Qa6 Nf6 32. Kd2 Nd5 33. h4 Kh7 34. Nh2 Nf6 35. Ke1 Nh5 36. Nf1 Qg6 37. Qxb5 Nxg3 38. Qxc4 Nh5 39. Qe2 Nf6 40. c4 Qe8 41. b5 Qd8 42. Qb2 Ng4 43. Kd1 Qxh4 44. Qe2 Qd8 45. Kc2 Qa5 46. Kb3 Nf6 47. Ng3 Nd7 48. Qd1 Nb6 49. Qe2 Qa4+ 50. Kc3 Qa3+ 51. Kc2 Qa4+ 52. Kc3 Qa3+ 53. Kc2 Na4 54. Qd2 Qa2+ 55. Kd1 Qxc4 56. Ke1 Qxb5 57. Qc2 Nb2 0-1

[Event "Regionalliga NW 0708"]
[Site "Bayern"]
[Date "2007.11.04"]
[Round "2.8"]
[White "Reitz, Helmut"]
[Black "Popov, Roman"]
[Result "1/2-1/2"]
[WhiteElo "1845"]
[BlackElo "1893"]
[PlyCount "68"]
[EventDate "2007.10.21"]
[EventType "team-tourn"]
[EventRounds "9"]
[EventCountry "GER"]
[SourceTitle "EXT 2009"]
[Source "ChessBase"]
[SourceDate "2008.11.26"]
[SourceVersion "1"]
[SourceVersionDate "2008.11.26"]
[SourceQuality "1"]
[WhiteTeam "Wuerzburg II"]
[BlackTeam "Bindlach III"]
[WhiteTeamCountry "GER"]
[BlackTeamCountry "GER"]

1. d4 Nf6 2. Nf3 c6 3. c4 d5 4. Nc3 Bf5 5. Bg5 e6 6. e3 Be7 7. cxd5 exd5 8. Bd3 Bxd3 9. Qxd3 Na6 10. a3 Nc7 11. b4 0-0 12. 0-0 Re8 13. Rab1 Ne4 14. Bf4 Bd6 15. Ne2 Bxf4 16. Nxf4 Nb5 17. Nd2 Nxd2 18. Qxd2 Nxa3 19. Rb3 Nc4 20. Qe2 b5 21. Ra1 a5 22. bxa5 Rxa5 23. Rxa5 Qxa5 24. h4 Qd2 25. Qg4 Qe1+ 26. Kh2 Qxf2 27. Nh5 Kf8 28. Qxg7+ Ke7 29. Qg5+ Kd6 30. Ng7 Ra8 31. Nf5+ Kc7 32. Qe7+ Kb6 33. Qc5+ Kb7 34. Qe7+ Kb6 1/2-1/2